[Event "CAN-ch w"]
[Site "Scarborough CAN"]
[Date "1989.09.24"]
[Round "10"]
[White "Palamarek, Dianna"]
[Black "Mongeau, Diane"]
[Result "0-1"]
[WhiteElo "1850"]
[BlackElo "1903"]
[PlyCount "120"]
[GameId "2160767912502450"]
[EventDate "1989.09.15"]
[EventType "tourn"]
[EventRounds "10"]
[EventCountry "CAN"]
[SourceTitle "CFC 1989.12"]

1. e4 c6 2. d4 d5 3. Nd2 dxe4 4. Nxe4 Bf5 5. Ng3 Bg6 6. h4 h6 7. Nf3 Nd7 8. h5 Bh7 9. Bd3 Bxd3 10. Qxd3 e6 11. Bf4 Ngf6 12. O-O-O Be7 13. Ne5 Nxe5 14. Bxe5 O-O 15. Ne4 Nxe4 16. Qxe4 Bf6 17. Rhe1 Bxe5 18. dxe5 Qg5+ 19. Re3 Qxh5 20. Red3 Qg5+ 21. f4 Qh4 22. g3 Qg4 23. Qg2 h5 24. Rh1 Rfd8 25. Qd2 Rxd3 26. Qxd3 g5 27. Qe3 Kh8 28. fxg5 Rg8 29. Qf4 Qxg5 30. Kd1 Qg4+ 31. Kc1 Qxf4+ 32. gxf4 Rg4 33. Rxh5+ Kg7 34. Kd2 Rxf4 35. Rg5+ Kh7 36. Rh5+ Kg6 37. Rh8 Re4 38. Rg8+ Kf5 39. Rf8 Kxe5 40. Rxf7 Rb4 41. b3 a5 42. Rh7 b5 43. Rc7 Kd6 44. Rh7 Rg4 45. Ke3 a4 46. Kd3 a3 47. Rh1 b4 48. Ke3 e5 49. Kd3 Kd5 50. Ke3 Rg3+ 51. Ke2 Rg2+ 52. Kd1 Kd4 53. Rf1 e4 54. Re1 e3 55. Rh1 Kc3 56. Rh6 Rd2+ 57. Ke1 Kxc2 58. Rxc6+ Kb2 59. Re6 Kxa2 60. Rxe3 Rb2 0-1

[Event "CAN-ch w"]
[Site "Scarborough CAN"]
[Date "1989.09.24"]
[Round "10"]
[White "Starr (Shterenberg), Nava"]
[Black "Vujosevic, Smilja"]
[Result "1-0"]
[WhiteElo "2193"]
[BlackElo "1956"]
[PlyCount "43"]
[GameId "2160767912502451"]
[EventDate "1989.09.15"]
[EventType "tourn"]
[EventRounds "10"]
[EventCountry "CAN"]
[SourceTitle "CFC 1989.12"]

1. e4 c5 2. c3 Nc6 3. Nf3 Nf6 4. e5 Nd5 5. d4 cxd4 6. Bc4 Nb6 7. Bb3 e6 8. cxd4 d5 9. exd6 Bxd6 10. Nc3 O-O 11. O-O a6 12. Re1 Ne7 13. Ne4 Bb4 14. Re3 Ned5 15. Rd3 Be7 16. a3 Bd7 17. Ne5 Bb5 18. Rh3 Nf6 19. Nxf6+ Bxf6 20. Qh5 h6 21. Bxh6 Bxe5 22. Bxg7 1-0

[Event "CAN-op"]
[Site "Edmonton CAN"]
[Date "1989.07.16"]
[Round "2"]
[White "Lee, Michael"]
[Black "Tukmakov, Vladimir"]
[Result "0-1"]
[WhiteElo "1973"]
[BlackElo "2590"]
[PlyCount "100"]
[GameId "2160767912519049"]
[EventDate "1989.07.15"]
[EventType "swiss"]
[EventRounds "10"]
[EventCountry "CAN"]
[SourceTitle "EXT 2017"]
[Source "ChessBase"]
[SourceDate "2016.10.25"]
[SourceVersion "1"]
[SourceVersionDate "2016.10.25"]
[SourceQuality "1"]

1. e4 c5 2. Nf3 d6 3. d4 cxd4 4. Nxd4 Nf6 5. Nc3 Nc6 6. Bc4 Qb6 7. Nf3 Bg4 8. h3 Bh5 9. Nd5 Nxd5 10. Qxd5 Bg6 11. O-O e6 12. Qg5 Bxe4 13. Be3 Qc7 14. Bb3 Bxf3 15. gxf3 d5 16. Rfe1 f6 17. Qg4 f5 18. Qg5 Qf7 19. Rad1 Be7 20. Qg3 O-O 21. f4 b5 22. a3 Bf6 23. c3 Rac8 24. Qf3 Na5 25. Ba2 Nc4 26. Bc1 Kh8 27. Re2 Nd6 28. Kh2 Ne4 29. Qd3 Qh5 30. Be3 a6 31. Rg1 Qf3 32. Bb1 Rc4 33. Bc1 Qh5 34. Be3 e5 35. fxe5 Bxe5+ 36. f4 Nc5 37. Qd2 Rxf4 38. Bxf4 Bxf4+ 39. Qxf4 Qxe2+ 40. Rg2 Qe6 41. Qd4 Qd6+ 42. Kh1 Ne6 43. Qa7 f4 44. Rg4 f3 45. Qf2 Nc5 46. Qd4 Qe7 47. Rg1 Ne4 48. Bxe4 dxe4 49. Qe3 Qh4 50. Kh2 f2 0-1

[Event "CAN-op"]
[Site "Edmonton CAN"]
[Date "1989.07.16"]
[Round "2"]
[White "Robinson, Kenneth"]
[Black "South, Robert"]
[Result "0-1"]
[WhiteElo "1896"]
[BlackElo "2307"]
[PlyCount "92"]
[GameId "2160767912519050"]
[EventDate "1989.07.15"]
[EventType "swiss"]
[EventRounds "10"]
[EventCountry "CAN"]
[SourceTitle "Albertabase"]
[SourceDate "2003.08.17"]
[SourceVersion "1"]
[SourceVersionDate "2003.08.17"]
[SourceQuality "1"]

1. e4 Nc6 2. d4 e5 3. Nf3 exd4 4. Nxd4 Bc5 5. Nb3 Bb6 6. Nc3 Nge7 7. Be2 d6 8. Bg5 f6 9. Bh4 Be6 10. Bh5+ g6 11. Bg4 Qd7 12. Be2 O-O 13. Na4 Ne5 14. Nxb6 axb6 15. Nd4 Bc4 16. O-O Ra4 17. Bxc4+ Rxc4 18. Re1 N7c6 19. Nb3 Nb4 20. f4 Nxc2 21. fxe5 fxe5 22. Qd5+ Qf7 23. Qxf7+ Rxf7 24. Rac1 b5 25. Na1 Nxe1 26. Rxc4 bxc4 27. Bxe1 Rf4 28. Nc2 Kf7 29. Nb4 c6 30. a4 Ke6 31. a5 Rxe4 32. Kf2 c5 33. Na2 d5 34. Nc3 Rf4+ 35. Kg1 d4 36. Na4 Kd5 37. Nb6+ Ke4 38. Nxc4 Kd3 39. Nxe5+ Ke2 40. h3 Rf1+ 41. Kh2 Rxe1 42. Nd7 d3 43. Nxc5 d2 44. Ne4 d1=Q 45. Nc3+ Kf2 46. Nxd1+ Rxd1 0-1

[Event "CAN-op"]
[Site "Edmonton CAN"]
[Date "1989.07.16"]
[Round "3"]
[White "Tukmakov, Vladimir"]
[Black "Cabanas, Francisco"]
[Result "1-0"]
[WhiteElo "2590"]
[BlackElo "2099"]
[PlyCount "49"]
[GameId "2160767912519052"]
[EventDate "1989.07.15"]
[EventType "swiss"]
[EventRounds "10"]
[EventCountry "CAN"]
[SourceTitle "EXT 2017"]
[Source "ChessBase"]
[SourceDate "2016.10.25"]
[SourceVersion "1"]
[SourceVersionDate "2016.10.25"]
[SourceQuality "1"]

1. d4 Nf6 2. c4 e6 3. g3 d5 4. Bg2 Be7 5. Nf3 O-O 6. O-O Nbd7 7. Qc2 Ne4 8. Nc3 Nxc3 9. Qxc3 b6 10. cxd5 exd5 11. Qc6 Ba6 12. Bf4 Rc8 13. Qxd5 Bxe2 14. Rfe1 Bd3 15. Bh3 Bd6 16. Bxd6 cxd6 17. Qxd6 Nf6 18. Qa3 Be4 19. Bxc8 Qxc8 20. Ne5 Bd5 21. Rac1 Qh3 22. f3 Nh5 23. Qd6 Ba8 24. Nd7 Rd8 25. Qe7 1-0

[Event "CAN-op"]
[Site "Edmonton CAN"]
[Date "1989.07.16"]
[Round "3"]
[White "Yearwood, Roy"]
[Black "Yanofsky, Abe"]
[Result "1/2-1/2"]
[WhiteElo "2093"]
[BlackElo "2418"]
[PlyCount "43"]
[GameId "2160767912519053"]
[EventDate "1989.07.15"]
[EventType "swiss"]
[EventRounds "10"]
[EventCountry "CAN"]
[SourceTitle "EXT 2017"]
[Source "ChessBase"]
[SourceDate "2016.10.25"]
[SourceVersion "1"]
[SourceVersionDate "2016.10.25"]
[SourceQuality "1"]

1. Nf3 Nf6 2. c4 g6 3. b3 Bg7 4. Bb2 O-O 5. g3 c5 6. Bg2 Nc6 7. O-O d6 8. d4 cxd4 9. Nxd4 Bd7 10. Nc3 Qb6 11. Nc2 Ne5 12. Ne3 Bc6 13. Ned5 Nxd5 14. Nxd5 Qd8 15. Qd2 f5 16. Rad1 Rf7 17. f4 Nd7 18. e4 fxe4 19. Bxg7 Kxg7 20. Bxe4 Nf6 21. Bf3 Bxd5 22. Bxd5 1/2-1/2

[Event "CAN-op"]
[Site "Edmonton CAN"]
[Date "1989.07.17"]
[Round "4"]
[White "Huber, Gregory"]
[Black "Southam, David"]
[Result "1/2-1/2"]
[WhiteElo "2118"]
[BlackElo "2328"]
[PlyCount "50"]
[GameId "2160767912519056"]
[EventDate "1989.07.15"]
[EventType "swiss"]
[EventRounds "10"]
[EventCountry "CAN"]
[SourceTitle "EXT 2017"]
[Source "ChessBase"]
[SourceDate "2016.10.25"]
[SourceVersion "1"]
[SourceVersionDate "2016.10.25"]
[SourceQuality "1"]

1. e4 e6 2. d4 d5 3. Nd2 Nf6 4. e5 Nfd7 5. Bd3 c5 6. c3 Nc6 7. Ngf3 f5 8. exf6 Nxf6 9. Ne5 cxd4 10. cxd4 Nxd4 11. Qa4+ Nc6 12. Bb5 Bd7 13. Nxc6 bxc6 14. Bxc6 Rc8 15. Bxd7+ Qxd7 16. Qb3 Bd6 17. O-O O-O 18. Nf3 Rc4 19. Be3 Rb8 20. Qd3 e5 21. Ng5 h6 22. Nh7 Be7 23. Nxf6+ Bxf6 24. Rfd1 Rc7 25. Qxd5+ Qxd5 1/2-1/2

[Event "CAN-op"]
[Site "Edmonton CAN"]
[Date "1989.07.17"]
[Round "4"]
[White "Tukmakov, Vladimir"]
[Black "Gardner, Robert"]
[Result "1-0"]
[WhiteElo "2590"]
[BlackElo "2236"]
[PlyCount "37"]
[GameId "2160767912519059"]
[EventDate "1989.07.15"]
[EventType "swiss"]
[EventRounds "10"]
[EventCountry "CAN"]
[SourceTitle "EXT 2017"]
[Source "ChessBase"]
[SourceDate "2016.10.25"]
[SourceVersion "1"]
[SourceVersionDate "2016.10.25"]
[SourceQuality "1"]

1. d4 Nf6 2. c4 c5 3. d5 b5 4. cxb5 a6 5. bxa6 Bxa6 6. Nc3 d6 7. g3 g6 8. Bg2 Bg7 9. Nf3 Nbd7 10. O-O O-O 11. Qc2 Ra7 12. Rd1 Qa8 13. Nd2 Rb8 14. b3 Nb6 15. Bb2 Nbxd5 16. Nxd5 Nxd5 17. Bxg7 Kxg7 18. Nc4 Bb7 19. Qd2 1-0

[Event "CAN-op"]
[Site "Edmonton CAN"]
[Date "1989.07.17"]
[Round "4"]
[White "Yanofsky, Abe"]
[Black "Billings, Darse"]
[Result "1-0"]
[WhiteElo "2418"]
[BlackElo "1997"]
[PlyCount "53"]
[GameId "2160767912519060"]
[EventDate "1989.07.15"]
[EventType "swiss"]
[EventRounds "10"]
[EventCountry "CAN"]
[SourceTitle "EXT 2017"]
[Source "ChessBase"]
[SourceDate "2016.10.25"]
[SourceVersion "1"]
[SourceVersionDate "2016.10.25"]
[SourceQuality "1"]

1. e4 c6 2. d4 d5 3. exd5 cxd5 4. c4 Nf6 5. Nc3 e6 6. Nf3 Bb4 7. a3 Bxc3+ 8. bxc3 Qc7 9. Bd2 O-O 10. Be2 b6 11. cxd5 exd5 12. O-O Re8 13. Re1 Ne4 14. Rc1 Be6 15. Bd3 Qb7 16. Ng5 Nxg5 17. Bxg5 Nd7 18. f4 f6 19. Bh4 Bf7 20. Qg4 Rxe1+ 21. Rxe1 Re8 22. Rxe8+ Bxe8 23. Qe6+ Bf7 24. Qe7 Bg6 25. f5 Bh5 26. Bb5 Qc7 27. Bxd7 1-0

[Event "CAN-op"]
[Site "Edmonton CAN"]
[Date "1989.07.19"]
[Round "6"]
[White "Prystenski, Arthur"]
[Black "Molinari, Mario"]
[Result "0-1"]
[WhiteElo "2213"]
[BlackElo "2017"]
[PlyCount "76"]
[GameId "2160767912519065"]
[EventDate "1989.07.15"]
[EventType "swiss"]
[EventRounds "10"]
[EventCountry "CAN"]
[SourceTitle "EXT 2017"]
[Source "ChessBase"]
[SourceDate "2016.10.25"]
[SourceVersion "1"]
[SourceVersionDate "2016.10.25"]
[SourceQuality "1"]

1. e4 c5 2. Nf3 Nc6 3. d4 cxd4 4. Nxd4 Nf6 5. Nc3 e5 6. Ndb5 d6 7. Nd5 Nxd5 8. exd5 Nb8 9. c4 a6 10. Nc3 Be7 11. g3 Bf5 12. Bg2 Qc7 13. Qe2 Nd7 14. Ne4 Rc8 15. Bf1 Nb6 16. b3 Nxd5 17. Bb2 Qa5+ 18. Kd1 Nf6 19. Bg2 Bxe4 20. Bxe4 Nxe4 21. Qxe4 Qc7 22. Re1 O-O 23. Rc1 Qc6 24. Qxc6 Rxc6 25. Ke2 Rfc8 26. Kd3 f6 27. Ke4 Kf7 28. f4 g6 29. g4 Rh8 30. h3 h5 31. Rh1 Rcc8 32. Rcd1 b5 33. cxb5 axb5 34. g5 f5+ 35. Ke3 Rc2 36. Ba3 Rhc8 37. Bxd6 R8c3+ 38. Rd3 Bxd6 0-1

[Event "CAN-op"]
[Site "Edmonton CAN"]
[Date "1989.07.19"]
[Round "6"]
[White "Ross, Paul"]
[Black "Fielding, Gerald"]
[Result "1-0"]
[WhiteElo "2345"]
[BlackElo "2109"]
[PlyCount "37"]
[GameId "2160767912519066"]
[EventDate "1989.07.15"]
[EventType "swiss"]
[EventRounds "10"]
[EventCountry "CAN"]
[SourceTitle "EXT 2017"]
[Source "ChessBase"]
[SourceDate "2016.10.25"]
[SourceVersion "1"]
[SourceVersionDate "2016.10.25"]
[SourceQuality "1"]

1. d4 Nf6 2. c4 e6 3. Nf3 b6 4. Nc3 Bb7 5. g3 Be7 6. Bg2 Ne4 7. Bd2 O-O 8. d5 Nxd2 9. Nxd2 c5 10. O-O Qc8 11. Nde4 f5 12. Nd2 e5 13. e4 d6 14. Bh3 g6 15. exf5 Qd7 16. f4 exf4 17. Rxf4 Na6 18. Qg4 Rxf5 19. Qe2 1-0

[Event "CAN-op"]
[Site "Edmonton CAN"]
[Date "1989.07.19"]
[Round "6"]
[White "Yanofsky, Abe"]
[Black "Southam, David"]
[Result "1/2-1/2"]
[WhiteElo "2418"]
[BlackElo "2328"]
[PlyCount "45"]
[GameId "2160767912519067"]
[EventDate "1989.07.15"]
[EventType "swiss"]
[EventRounds "10"]
[EventCountry "CAN"]
[SourceTitle "EXT 2017"]
[Source "ChessBase"]
[SourceDate "2016.10.25"]
[SourceVersion "1"]
[SourceVersionDate "2016.10.25"]
[SourceQuality "1"]

1. e4 e6 2. d4 d5 3. Nc3 Bb4 4. e5 Ne7 5. a3 Bxc3+ 6. bxc3 c5 7. Nf3 Qa5 8. Qd2 Bd7 9. a4 Nbc6 10. Ba3 cxd4 11. cxd4 Qxd2+ 12. Kxd2 Na5 13. Bd3 f6 14. Rhb1 Nec6 15. Bd6 Kf7 16. Ke3 b6 17. Nd2 Nb7 18. c4 Nxd6 19. exd6 dxc4 20. Nxc4 Rab8 21. f4 Rhc8 22. g3 g6 23. g4 1/2-1/2

[Event "CAN-op"]
[Site "Edmonton CAN"]
[Date "1989.07.12"]
[Round "7"]
[White "Tukmakov, Vladimir"]
[Black "Kuznecov, Alex"]
[Result "1-0"]
[WhiteElo "2590"]
[BlackElo "2362"]
[PlyCount "113"]
[GameId "2160767912519068"]
[EventDate "1989.07.15"]
[EventType "swiss"]
[EventRounds "10"]
[EventCountry "CAN"]

1. d4 Nf6 2. Nf3 g6 3. c4 Bg7 4. g3 O-O 5. Bg2 c5 6. O-O cxd4 7. Nxd4 d5 8. cxd5 Nxd5 9. Nc3 Nxc3 10. bxc3 Qa5 11. Qb3 Nc6 12. Be3 Ne5 13. h3 Bd7 14. Qxb7 Rab8 15. Nb3 Rxb7 16. Nxa5 Rc7 17. Bd4 Bb5 18. Rfe1 Nc4 19. Reb1 a6 20. a4 Bd7 21. Rb7 Rxb7 22. Nxb7 e5 23. Bc5 Rc8 24. Bd5 Bc6 25. Bxc6 Rxc6 26. Rd1 Bf6 27. Rd7 Nb2 28. a5 Na4 29. Bb4 Nxc3 30. Bxc3 Rxc3 31. Rd6 Be7 32. Rxa6 Rc7 33. Rb6 Rc1+ 34. Kg2 Ra1 35. a6 Ra3 36. g4 Kg7 37. Nd6 Bxd6 38. Rxd6 h6 39. h4 Ra4 40. Kg3 Ra3+ 41. e3 Ra4 42. Kf3 h5 43. gxh5 Rxh4 44. hxg6 f6 45. Ke2 Ra4 46. Kd3 Kxg6 47. Kc3 Kf5 48. Kb3 Ra1 49. Kb4 Kg5 50. Kb5 f5 51. Rd5 e4 52. Kb6 Kg4 53. a7 f4 54. Ra5 Rb1+ 55. Kc6 Rc1+ 56. Kd7 Rd1+ 57. Ke7 1-0

[Event "CAN-op"]
[Site "Edmonton CAN"]
[Date "1989.07.20"]
[Round "7"]
[White "Billings, Darse"]
[Black "Prystenski, Arthur"]
[Result "1-0"]
[WhiteElo "1997"]
[BlackElo "2213"]
[PlyCount "55"]
[GameId "2160767912519069"]
[EventDate "1989.07.15"]
[EventType "swiss"]
[EventRounds "10"]
[EventCountry "CAN"]
[SourceTitle "EXT 2017"]
[Source "ChessBase"]
[SourceDate "2016.10.25"]
[SourceVersion "1"]
[SourceVersionDate "2016.10.25"]
[SourceQuality "1"]

1. d4 d5 2. c4 e6 3. cxd5 exd5 4. Nc3 c6 5. Nf3 Bd6 6. Bg5 f6 7. Bh4 Ne7 8. Bg3 Nf5 9. e3 Nxg3 10. hxg3 f5 11. Bd3 g6 12. Qc2 Be6 13. O-O-O Qf6 14. Rh6 Bf8 15. Rh2 h5 16. Rdh1 Rg8 17. Qb3 Rg7 18. Ne2 Bd6 19. Nf4 Bg8 20. Nxh5 gxh5 21. Rxh5 Be6 22. Rh8+ Bf8 23. R1h6 Qe7 24. Ne5 Rg8 25. Rxe6 Qxe6 26. Rxg8 Nd7 27. Qxb7 Rb8 28. Rxf8+ 1-0

[Event "CAN-op"]
[Site "Edmonton CAN"]
[Date "1989.07.20"]
[Round "7"]
[White "Gardner, Robert"]
[Black "Ross, Paul"]
[Result "1-0"]
[WhiteElo "2236"]
[BlackElo "2345"]
[PlyCount "67"]
[GameId "2160767912519071"]
[EventDate "1989.07.15"]
[EventType "swiss"]
[EventRounds "10"]
[EventCountry "CAN"]
[SourceTitle "EXT 2017"]
[Source "ChessBase"]
[SourceDate "2016.10.25"]
[SourceVersion "1"]
[SourceVersionDate "2016.10.25"]
[SourceQuality "1"]

1. e4 e6 2. d4 d5 3. Nd2 Nf6 4. e5 Nfd7 5. f4 c5 6. c3 Nc6 7. Ndf3 Qb6 8. g3 f5 9. Ne2 Be7 10. h3 O-O 11. Bg2 a5 12. O-O cxd4 13. cxd4 Ndb8 14. g4 Na6 15. gxf5 exf5 16. Nc3 Be6 17. Rf2 Kh8 18. Be3 Qd8 19. Kh2 Rb8 20. Qe2 Nc7 21. Bh1 Bf7 22. Rg1 Ne6 23. Qd2 Nb4 24. Ng5 Bxg5 25. fxg5 Bg6 26. Bf4 Rc8 27. a3 Nc6 28. Nb5 Qb6 29. Nd6 Rc7 30. Bxd5 Ncxd4 31. Be3 Rd7 32. Bxe6 Rxd6 33. exd6 Qxd6+ 34. Bf4 1-0

[Event "CAN-op"]
[Site "Edmonton CAN"]
[Date "1989.07.20"]
[Round "7"]
[White "Reeve, Jeff"]
[Black "Molinari, Mario"]
[Result "1/2-1/2"]
[WhiteElo "2394"]
[BlackElo "2017"]
[PlyCount "90"]
[GameId "2160767912519073"]
[EventDate "1989.07.15"]
[EventType "swiss"]
[EventRounds "10"]
[EventCountry "CAN"]
[SourceTitle "EXT 2017"]
[Source "ChessBase"]
[SourceDate "2016.10.25"]
[SourceVersion "1"]
[SourceVersionDate "2016.10.25"]
[SourceQuality "1"]

1. e4 e6 2. d4 d5 3. Nd2 Nf6 4. e5 Nfd7 5. f4 c5 6. c3 Nc6 7. Ndf3 cxd4 8. cxd4 Qb6 9. h4 f6 10. Bd3 f5 11. g4 fxg4 12. Ng5 Bb4+ 13. Kf1 Nf8 14. Qxg4 Qxd4 15. Qe2 Be7 16. Be3 Qb4 17. a3 Qb3 18. N1f3 h6 19. Nh3 Bd7 20. Rc1 Rc8 21. Rc3 Qa4 22. b4 a6 23. Rg1 g5 24. fxg5 hxg5 25. Bxg5 d4 26. Bc2 Qb5 27. Qxb5 axb5 28. Rd3 Nxb4 29. axb4 Rxc2 30. Bxe7 Kxe7 31. Rg7+ Ke8 32. Nxd4 Rc4 33. Ng5 Rxh4 34. Ngf3 Rh7 35. Rg8 Rf7 36. Kg2 Bc6 37. Nxc6 bxc6 38. Ng5 Rg4+ 39. Kh3 Rff4 40. Rg3 Rxg3+ 41. Kxg3 Rxb4 42. Nh7 Kf7 43. Rxf8+ Kg7 44. Rc8 Kxh7 45. Rxc6 Kg7 1/2-1/2

[Event "CAN-op"]
[Site "Edmonton CAN"]
[Date "1989.07.20"]
[Round "7"]
[White "South, Robert"]
[Black "Yanofsky, Abe"]
[Result "1-0"]
[WhiteElo "2307"]
[BlackElo "2418"]
[PlyCount "69"]
[GameId "2160767912519074"]
[EventDate "1989.07.15"]
[EventType "swiss"]
[EventRounds "10"]
[EventCountry "CAN"]
[SourceTitle "EXT 2017"]
[Source "ChessBase"]
[SourceDate "2016.10.25"]
[SourceVersion "1"]
[SourceVersionDate "2016.10.25"]
[SourceQuality "1"]

1. c4 Nf6 2. Nf3 g6 3. d4 Bg7 4. Nc3 O-O 5. Bg5 h6 6. Bh4 c5 7. d5 d6 8. e3 Na6 9. Nd2 Nc7 10. a4 b6 11. Be2 Rb8 12. O-O a6 13. e4 e5 14. dxe6 fxe6 15. f4 Qd7 16. Kh1 Nh7 17. Qc2 Bb7 18. Bg4 Qf7 19. f5 exf5 20. exf5 g5 21. Bg3 Nf6 22. Bf3 Bxf3 23. Rxf3 Rbd8 24. Nde4 Nce8 25. Qb3 d5 26. cxd5 Nxe4 27. Nxe4 Qxd5 28. Qxb6 Rc8 29. Nc3 Bxc3 30. bxc3 Rxf5 31. Rxf5 Qxf5 32. Qxa6 Nc7 33. Qxh6 Nd5 34. Re1 Nxc3 35. Be5 1-0

[Event "CAN-op"]
[Site "Edmonton CAN"]
[Date "1989.07.21"]
[Round "8"]
[White "Molinari, Mario"]
[Black "Kuznecov, Alex"]
[Result "0-1"]
[WhiteElo "2017"]
[BlackElo "2362"]
[PlyCount "66"]
[GameId "2160767912519077"]
[EventDate "1989.07.15"]
[EventType "swiss"]
[EventRounds "10"]
[EventCountry "CAN"]
[SourceTitle "EXT 2017"]
[Source "ChessBase"]
[SourceDate "2016.10.25"]
[SourceVersion "1"]
[SourceVersionDate "2016.10.25"]
[SourceQuality "1"]

1. e4 c5 2. Nf3 d6 3. d4 cxd4 4. Nxd4 Nf6 5. Nc3 a6 6. Bg5 e6 7. f4 Bd7 8. Qf3 Nc6 9. Nb3 h6 10. Bh4 Be7 11. Bd3 g5 12. fxg5 Ne5 13. Qe2 Nfg4 14. h3 hxg5 15. Bg3 Nf6 16. Rf1 Qc7 17. Bh2 O-O-O 18. a4 g4 19. Bxe5 dxe5 20. hxg4 Rdg8 21. O-O-O Rh4 22. Rf2 Be8 23. Kb1 Rhxg4 24. Qf1 R4g6 25. Rfd2 Kb8 26. Qf3 Bc6 27. Nc1 Qa5 28. Nb3 Qc7 29. Nc1 Bb4 30. N1a2 Bc5 31. b3 Be7 32. Bf1 Rg3 33. Qf2 Bxe4 0-1

[Event "CAN-op"]
[Site "Edmonton CAN"]
[Date "1989.07.21"]
[Round "8"]
[White "Sharp, Neil"]
[Black "Dumitru, Lucaciu"]
[Result "1-0"]
[WhiteElo "2204"]
[BlackElo "2040"]
[PlyCount "125"]
[GameId "2160767912519079"]
[EventDate "1989.07.15"]
[EventType "swiss"]
[EventRounds "10"]
[EventCountry "CAN"]
[SourceTitle "EXT 2017"]
[Source "ChessBase"]
[SourceDate "2016.10.25"]
[SourceVersion "1"]
[SourceVersionDate "2016.10.25"]
[SourceQuality "1"]

1. e4 Nf6 2. e5 Nd5 3. d4 d6 4. c4 Nb6 5. exd6 exd6 6. Nf3 Bf5 7. Bd3 Be6 8. O-O Be7 9. Qc2 h6 10. Be3 Na6 11. a3 c5 12. Nbd2 Rc8 13. d5 Bd7 14. Ne4 Bg4 15. Nfd2 Rc7 16. Rae1 Kf8 17. h3 Bc8 18. Bf4 g6 19. Re3 f5 20. Nc3 Bg5 21. Bxg5 hxg5 22. Rfe1 Kg7 23. Nb5 Rf7 24. Qc3+ Kh6 25. Nxd6 Rfh7 26. Nxc8 Nxc8 27. g4 Rf7 28. gxf5 gxf5 29. Re6+ Kh7 30. Qe5 Rhf8 31. Re8 Qxe8 32. Qxe8 Rxe8 33. Rxe8 Nb6 34. d6 Kg7 35. Re7 Rxe7 36. dxe7 Kf7 37. Bxf5 Kxe7 38. Be4 Na4 39. Bxb7 Nc7 40. b3 Nc3 41. Ne4 Nxe4 42. Bxe4 Kd6 43. Kg2 a5 44. Kf3 Ne6 45. Kg4 Ke5 46. Bd5 Nf4 47. a4 Nd3 48. Kxg5 Nxf2 49. h4 Nh3+ 50. Kg6 Nf4+ 51. Kf7 Kd4 52. Bc6 Ke5 53. Ke8 Ne2 54. h5 Nd4 55. h6 Kf6 56. Be4 Ne6 57. Kd7 Ng5 58. Bc2 Ke5 59. Kc6 Kd4 60. Bg6 Kc3 61. h7 Nxh7 62. Bxh7 Kxb3 63. Kb5 1-0

[Event "CAN-op"]
[Site "Edmonton CAN"]
[Date "1989.07.21"]
[Round "8"]
[White "South, Robert"]
[Black "Southam, David"]
[Result "1-0"]
[WhiteElo "2306"]
[BlackElo "2328"]
[PlyCount "79"]
[GameId "2160767912519081"]
[EventDate "1989.07.15"]
[EventType "swiss"]
[EventRounds "10"]
[EventCountry "CAN"]
[SourceTitle "Albertabase"]
[SourceDate "2003.08.17"]
[SourceVersion "1"]
[SourceVersionDate "2003.08.17"]
[SourceQuality "1"]

1. Nf3 Nf6 2. c4 c5 3. g3 d5 4. cxd5 Nxd5 5. Nc3 Nc6 6. Bg2 Nc7 7. O-O e5 8. b3 Be7 9. Bb2 O-O 10. Rc1 f6 11. Na4 Na6 12. Ne1 Bd7 13. Nd3 b6 14. f4 exf4 15. Nxf4 Rb8 16. e3 Ncb4 17. a3 Nd3 18. Nxd3 Bxa4 19. Nf4 Bd7 20. Bd5+ Kh8 21. Rc4 g6 22. Qc2 Kg7 23. Ra4 Qc8 24. Qe4 Bd6 25. Ne6+ Bxe6 26. Bxe6 Qc7 27. Rxa6 Rbe8 28. Qg4 h5 29. Qh3 Re7 30. Bd5 Be5 31. Bxe5 Qxe5 32. Qg2 Rd8 33. e4 Qd4+ 34. Qf2 Qe5 35. Ra4 h4 36. Qf4 g5 37. Qxe5 Rxe5 38. Rxa7+ Kg6 39. g4 h3 40. Bf7+ 1-0

[Event "CAN-op"]
[Site "Edmonton CAN"]
[Date "1989.07.21"]
[Round "8"]
[White "Yanofsky, Abe"]
[Black "Broffman, Peter"]
[Result "0-1"]
[WhiteElo "2418"]
[BlackElo "1995"]
[PlyCount "52"]
[GameId "2160767912519082"]
[EventDate "1989.07.15"]
[EventType "swiss"]
[EventRounds "10"]
[EventCountry "CAN"]

1. e4 e6 2. d4 d5 3. Nc3 h6 4. Nf3 Nf6 5. Bd3 dxe4 6. Nxe4 Nxe4 7. Bxe4 Nd7 8. O-O Nf6 9. Bd3 Bd6 10. Qe2 O-O 11. Ne5 c6 12. c3 Qc7 13. Bf4 b6 14. Bg3 Bb7 15. Bh4 Be7 16. Rae1 Rfd8 17. Bb1 c5 18. dxc5 Qxc5 19. Qc2 Qd5 20. f3 Qd2 21. Qb3 Rd5 22. Nc4 Bc5+ 23. Kh1 Qf4 24. Bg3 Qxg3 25. Qc2 Rh5 26. h3 Ng4 0-1

[Event "CAN-op"]
[Site "Edmonton CAN"]
[Date "1989.07.22"]
[Round "9"]
[White "Baunok, Zoltan"]
[Black "Molinari, Mario"]
[Result "0-1"]
[WhiteElo "2165"]
[BlackElo "2017"]
[PlyCount "86"]
[GameId "2160767912519083"]
[EventDate "1989.07.15"]
[EventType "swiss"]
[EventRounds "10"]
[EventCountry "CAN"]
[SourceTitle "EXT 2017"]
[Source "ChessBase"]
[SourceDate "2016.10.25"]
[SourceVersion "1"]
[SourceVersionDate "2016.10.25"]
[SourceQuality "1"]

1. e4 c5 2. c3 e6 3. d4 d5 4. exd5 exd5 5. Nf3 Nc6 6. Bb5 a6 7. Ba4 b5 8. Bc2 c4 9. O-O Be7 10. Re1 Bg4 11. Nbd2 Nf6 12. h3 Bh5 13. g4 Bg6 14. Ne5 Nxe5 15. dxe5 Nd7 16. Nf3 Nc5 17. Be3 Bxc2 18. Qxc2 Nd3 19. Rf1 g5 20. Bd4 Rg8 21. Ne1 Nf4 22. Qxh7 Rg6 23. Ng2 Ne2+ 24. Kh2 Nxd4 25. cxd4 Qb6 26. Rad1 Bf8 27. f4 Ra7 28. Ne3 Qd8 29. Nf5 b4 30. Rde1 Qd7 31. fxg5 Kd8 32. Kg2 c3 33. Nh4 Rg7 34. Qh6 cxb2 35. Nf5 Rg8 36. Qf6+ Kc8 37. e6 fxe6 38. Rxe6 Rc7 39. Rxa6 Qb5 40. Qe6+ Kb7 41. Rd6 Qxf1+ 42. Kxf1 b1=Q+ 43. Kf2 Qxa2+ 0-1

[Event "CAN-op"]
[Site "Edmonton CAN"]
[Date "1989.07.22"]
[Round "9"]
[White "Reeve, Jeff"]
[Black "Broffman, Peter"]
[Result "1-0"]
[WhiteElo "2394"]
[BlackElo "1995"]
[PlyCount "85"]
[GameId "2160767912519087"]
[EventDate "1989.07.15"]
[EventType "swiss"]
[EventRounds "10"]
[EventCountry "CAN"]

1. e4 e6 2. d4 d5 3. Nc3 h6 4. Bd3 Nf6 5. e5 Nfd7 6. Nce2 c5 7. c3 Nc6 8. Nf3 c4 9. Bc2 b5 10. h4 a5 11. h5 Nb6 12. Nh4 Bd7 13. f4 Be7 14. g3 Qc7 15. f5 O-O-O 16. fxe6 Bxe6 17. Nf4 Bxh4 18. Rxh4 Qd7 19. Be3 Bf5 20. Bxf5 Qxf5 21. Qg4 Ne7 22. Kd2 Qxg4 23. Rxg4 Nf5 24. Rf1 Nxe3 25. Kxe3 Rhg8 26. Ng2 f6 27. exf6 gxf6 28. Rg6 Rde8+ 29. Kd2 Rxg6 30. hxg6 Nd7 31. Rf5 Rg8 32. Nf4 Kc7 33. Nxd5+ Kd6 34. Nf4 Kc6 35. Rh5 Rh8 36. Rxh6 Rxh6 37. g7 Rh2+ 38. Ke1 Rxb2 39. g8=Q Nb6 40. d5+ Kb7 41. Qf7+ Ka6 42. Ne6 a4 43. Nc5+ 1-0